000 01454nam0a2200337 4500
001 RU\NLR\b_ik\92595
005 20260408192108.0
035 _a(NLR Aleph) 002166640
090 _a2597906
_c2597906
100 _a20021114d2001 k y0rusy50 ca
101 0 _aeng
_drus
102 _aRU
105 _aa |||||||||
200 1 _aOdderon contribution in diffraction reactions
_fO.V. Selyugin
210 _aДубна
_cОИЯИ
_d2001
215 _a18 c.
_cил.
_d22
225 1 _aОбъединенный институт ядерных исследований, Дубна
_vE2-2001-228
300 _aНа 3-й с. обл.: Оддеронный вклад в дифракционные реакции/Селюгин О.В.
300 _aРез. на рус. яз.
320 _aБиблиогр.: с. 17-18
517 0 _aОддеронный вклад в дифракционные реакции
606 0 _aАтомное ядро
_xДифракционные процессы
_xТеория
_91045832
_3RU\NLR\AUTH\6685443
606 0 _aЭлементарные частицы
_xУпругое рассеяние
_92142081
_3RU\NLR\AUTH\661290981
606 _aЧастицы (физ.)
_xРассеяние упругое
_3RU\NLR\AUTH\661291013
_92142155
686 1 _aВ383.51
686 1 _aВ382.17
700 1 _aSeljugin
_bO. V.
_gOleg Viktorovič
_4070
801 0 _aRU
_bNLR
_c20021114
_gPSBO
942 _cBOOK
980 _aNB